000 00289nam a2200133Ia 4500
008 231129s1965||||xx |||||||||||||| ||spa||
040 _brus
082 _a621.481 G542e
100 _aGladkov K.
245 0 _aLa energia del atomo
260 _c1965
264 _aPaz
942 _2ddc
_cBKS
999 _c16956
_d16956